Drapeaux Francophones du Canada - Statistiques

Statistiques générales
  • Ce quiz a été pris 139 fois
  • Le résultat moyen est 6 sur 11
Statistiques - réponses
Par images Réponse % Correct
Drapeau des Québécois
99%
Drapeau Acadien
58%
Drapeau Franco-Nunavois
57%
Drapeau Franco-Ontarien
57%
Drapeau des Fransaskois
53%
Drapeau Franco-Yukonnais
52%
Drapeau Franco-Colombien
50%
Drapeau Franco-Terre-Neuvien-et-Labradorien
50%
Drapeau Franco-Albertain
49%
Drapeau Franco-Ténois
38%
Drapeau Franco-Manitobain
37%
Aucun quiz correspondant
Distribution des résultats
% des personnes avec chaque résultat
Percentile par nombre de réponses
Votre historique - résultats
Vous n’avez pas pris ce quiz